Estatísticas para Quiz da História Brasileira Super Difícil

Clique aqui para jogar o quiz

Estatísticas Gerais

  • Esse quiz foi jogado 1 473 vezes
  • A pontuação média é 8 de 15

Estatísticas das Respostas

QuestãoResposta% Correto
Quais produtos foram os principais economicamente durante a história do Brasil?Pau-brasil, cana-de-açúcar e café
87%
Qual nome os portugueses deram para o Brasil na sua primeira chegada?Ilha de Vera Cruz
79%
Qual destes, em algum ponto da história, fez parte do Brasil?Uruguai
75%
Em qual guerra morreram mais brasileiros?Guerra do Paraguai
74%
Além de Portugal, quais são os três países europeus que tem mais emigrantes no Brasil?Itália, Espanha e Alemanha
72%
Qual estado brasileiro se tornou independente por cerca de nove anos?Rio Grande do Sul
67%
Qual presidente teve uma revolução comunista e uma fascista durante seu governo?Getúlio Vargas
66%
De quais casas imperiais eram o último imperador e imperatriz do Império do Brasil?Casa de Bragança e Casa de Bourbon-Duas Sicílias
61%
Quantos vice-presidentes assumiram a presidência após morte / renuncia / impeachment do presidente?Oito (8)
58%
Quantos ditadores governaram o Brasil durante a república?Seis (6)
46%
Qual país foi o primeiro a criar uma colônia na atual cidade do Rio de Janeiro?França
44%
Qual destas guerras o Brasil não participou?Guerra do Pacífico
34%
Por quantos anos Dom Pedro II permaneceu no poder?58 anos
28%
Qual presidente ficou no cargo por menos tempo?Carlos Luz
27%
De acordo com pesquisas, quantos indígenas haviam no Brasil em 1500?3.000.000
23%

Distribuição das Pontuações

Percentil de Números Respondidos

Porcentagem de Pessoas com Cada Pontuação

Sua Pontuação Histórica

Você não jogou esse quiz